| 000 | 00479 a2200109 4500 | ||
|---|---|---|---|
| 020 | _a818356044X | ||
| 082 | _a628.7 CHA | ||
| 100 | _aChari, Dr. K. B. | ||
| 245 |
_aComprehensive Environmental Impact Assessment of Water Resources Projects : with special reference to sathanur reservoir project (TAMIL NADU) [vol 1] _cDr. K. B. Chari, Dr. Richa Sharma, Prof. S. A. Abbasi |
||
| 260 |
_aNew Delhi : _bDiscovery Publishing House, _c2005 |
||
| 300 |
_a579p. : _bill. ; _c23 cm |
||
| 650 | _awater resources -- projects | ||
| 999 |
_c1726 _d1726 |
||